4 x 4 Number Logic Puzzle Quiz Stats

Quiz Updated Jun 26, 2015

Challenge
Share
Tweet
Score 0/16 Timer 15:00
17 Plays Today
Hint Heading for the answers % Correct


A1


???
100%


A4


???
61.3%


D4


???
52.4%


D1


???
51.4%


A2


???
50.6%


A3


???
50%


B1


???
45%


C1


???
41.1%
Hint Heading for the answers % Correct


B2


???
33.6%


B3


???
33.5%


B4


???
32.7%


C2


???
21%


C3


???
19.9%


C4


???
19.9%


D2


???
19.2%


D3


???
18.7%

You're not logged in!

Compare scores with friends on all Sporcle quizzes.
Join for Free
OR
Log In

You Might Also Like...

Show Comments

Extras

Top Quizzes Today


Score Distribution

Your Account Isn't Verified!

In order to create a playlist on Sporcle, you need to verify the email address you used during registration. Go to your Sporcle Settings to finish the process.

Report this User

Report this user for behavior that violates our Community Guidelines.

Details: